01684cam a22003015a 45000010009000000050017000090080041000260200024000670200021000910400038001120820020001501000025001702450081001952460064002762460045003402500012003852600078003973000034004755000024005095040041005335200559005746500026011336510010011596530035011699420020012049990017012249520141012411817282720201128021529.0140531t2014 paua frb 001 0 eng d a9781451187922 (pbk) a1451187920 (pbk) aDLCcDLCbengdEG-ScBUEdEG-ScBUE04a610.73bHOO2221 aHood, Lucy J.93886510aLeddy & Pepper's conceptual bases of professional nursing /cLucy Jane Hood.3 aLeddy and Pepper's conceptual bases of professional nursing30aConceptual bases of professional nursing a8th ed. aPhiladelphia :bWolters KIluwer / Lippincott Williams & Wilkins,cc.2014. axiv, 625 p. :bill. ;c26 cm. aIndex : p. 615-625. aIncludes bibliographical references. aThis eighth edition of Leddy & Pepper{u2019}s Conceptual Bases of Professional Nursing provides a broad overview of the nursing profession, addressing philosophical, developmental, sociocultural, environmental, political, health care delivery, and leadership issues vital for career enhancement. The authors cover professional nursing roles and client care issues, stimulate you to learn more about presented content, and present strategies that will help you deal with the emotional and ethical dimensions of professional practice"--Publisher's website. 7aNursing.2BUEsh92162 2BUEsh bNNURcAugust2015cDecember2015 2ddck610.73 HOO c20679d20651 00102ddc40708BaccahaMAINbMAINc1STd2015-08-24ePurchaseg476.00h21764l0o610.73 HOOp000039036r2025-07-15 00:00:00v595.00yBB